Dopady Evropské měnové unie na evropský bankovní sektor
Dôsledky Európskej menovej únie na všetky odvetvia podnikania aj na sektor finančných služieb. Dopady menovej únie na bankovníctvo. Analýza pripravenosti finančných inštitúcií v rôznych európskych krajinách na nové konkurenčné prostredie.
Enregistré dans:
| Auteur principal: | |
|---|---|
| Autres auteurs: | |
| Format: | Chapitre de livre |
| Langue: | tchèque |
| Sujets: | |
| Tags: |
Pas de tags, Soyez le premier à ajouter un tag!
|
MARC
| LEADER | 00000naa a2200000 4500 | ||
|---|---|---|---|
| 001 | r034133 | ||
| 005 | 20231002094834.5 | ||
| 041 | 0 | |a cze | |
| 044 | |a CZ | ||
| 245 | 1 | 0 | |a Dopady Evropské měnové unie na evropský bankovní sektor |c Bernhard Speyer ; Přeložila: Kateřina Kašová |
| 520 | |a Dôsledky Európskej menovej únie na všetky odvetvia podnikania aj na sektor finančných služieb. Dopady menovej únie na bankovníctvo. Analýza pripravenosti finančných inštitúcií v rôznych európskych krajinách na nové konkurenčné prostredie. | ||
| 610 | 2 | 0 | |a Európska menová únia |
| 610 | 2 | 0 | |a bankovníctvo |
| 610 | 2 | 0 | |a mena |
| 610 | 2 | 0 | |a trh finančný medzinárodný |
| 610 | 2 | 0 | |a únie menové |
| 610 | 2 | 0 | |a konkurencia |
| 100 | 1 | |a Speyer, Bernhard | |
| 700 | 1 | |a Kašová, Kateřina | |